Indian literature and universal oneness / (Record no. 83966)

MARC details
000 -LEADER
fixed length control field 00711nam a22002177a 4500
005 - DATE AND TIME OF LATEST TRANSACTION
control field 20140721110223.0
010 ## - LCCN (DPL NO)
LC control number ENG-109914
020 ## - INTERNATIONAL STANDARD BOOK NUMBER
International Standard Book Number 9788172736477
Terms of availability 900.00
035 ## - SYSTEM CONTROL NUMBER
System control number EN-93447
035 ## - SYSTEM CONTROL NUMBER
System control number B-534657-660
037 ## - SOURCE OF ACQUISITION
Source of stock number/acquisition DBAD/PUB
037 ## - SOURCE OF ACQUISITION
Source of stock number/acquisition Star Pub/Ven
Stock number dpl
082 ## - DEWEY DECIMAL CLASSIFICATION NUMBER
Classification number 398.20954
100 ## - MAIN ENTRY--PERSONAL NAME
Personal name Prem, P.C.K.
245 00 - TITLE STATEMENT
Title Indian literature and universal oneness /
Statement of responsibility, etc by P.C.K. Prem
260 ## - PUBLICATION, DISTRIBUTION, ETC. (IMPRINT)
Place of publication, distribution, etc New Delhi
Name of publisher, distributor, etc Authorpress
Date of publication, distribution, etc 2013
270 ## - ADDRESS
Address Q-2A, Hauz Khas Enclave
City New Delhi
Postal code 110016
300 ## - PHYSICAL DESCRIPTION
Extent V.1(xli,293p.)
Dimensions 23cm(Hb)
942 ## - ADDED ENTRY ELEMENTS (KOHA)
Source of classification or shelving scheme Dewey Decimal Classification
Item type English Books
Call number suffix PRE
Classification part 398.20954
Holdings
Withdrawn status Lost status Not for loan Collection code Home library Current library Date acquired Source of acquisition Cost, normal purchase price Full call number Barcode Copy number Cost, replacement price Koha item type
    Not For Loan Non-fiction D.B.Act.Division D.B.Act.Division 05/05/2014 DBAD / PUB 900.00 398.20954 PRE EN-93447 1 900.00 English Books
      Non-fiction Karol Bagh Karol Bagh 21/07/2014 Star Pub/SP3360/27.03.2014/144/25.03.2014/29.03.2014 900.00 398.20954 PRE B-534659 1 900.00 English Books
      Non-fiction Narela Narela 21/07/2014 Star Pub/SP3360/27.03.2014/144/25.03.2014/29.03.2014 900.00 398.20954 PRE B-534660 1 900.00 English Books
      Non-fiction Patel Nagar Patel Nagar 21/07/2014 Star Pub/SP3360/27.03.2014/144/25.03.2014/29.03.2014 900.00 398.20954 PRE B-534657 1 900.00 English Books
      Non-fiction Vinoba Puri Vinoba Puri 21/07/2014 Star Pub/SP3360/27.03.2014/144/25.03.2014/29.03.2014 900.00 398.20954 PRE B-534658 1 900.00 English Books

© Delhi Public Library
Hit Counter
free hit counter